Úlohy Fondu zamestnanosti SR pri zabezpečovaní Projektu programu vykonávania verejnoprospešných prác pre uchádzačov o zamestnanie

Charakteristika Projektu programu vykonávania verejnoprospešných prác pre uchádzačov o zamestnanie. Úlohy Fondu zamestnanosti SR pri realizovaní programu. Finančné zabezpečenie realizácie projektu. Financovanie v rámci vonkajšieho a vnútorného okruhu.

Saved in:
Bibliographic Details
Main Author: Eštočin, J.
Format: Book Chapter
Language:Slovak
Subjects:
Tags: Add Tag
No Tags, Be the first to tag this record!

MARC

LEADER 00000naa a2200000 4500
001 r017341
005 20221213100348.7
041 0 |a slo 
044 |a SK 
245 1 0 |a Úlohy Fondu zamestnanosti SR pri zabezpečovaní Projektu programu vykonávania verejnoprospešných prác pre uchádzačov o zamestnanie  |c J. Eštočin 
520 |a Charakteristika Projektu programu vykonávania verejnoprospešných prác pre uchádzačov o zamestnanie. Úlohy Fondu zamestnanosti SR pri realizovaní programu. Finančné zabezpečenie realizácie projektu. Financovanie v rámci vonkajšieho a vnútorného okruhu. 
610 2 0 |a práce verejnoprospešné 
610 2 0 |a projekty 
610 2 0 |a Fond zamestnanosti SR Bratislava 
610 2 0 |a financovanie 
610 2 0 |a zdroje finančné 
610 2 0 |a príležitosť pracovná 
610 2 0 |a programy rozvojové 
100 1 |a Eštočin, J.